| Registos Bibliográficos associados ao registo de autoridade |
|
Etiqueta de registo: 00254nam 2200025 450 001 2129803 003 http://id.bnportugal.gov.pt/bib/catbnp/2129803 010 ## $a978-989-661-612-0 021 ## $aPT$b510986/23 100 ## $a20230426d2023 m y0pory01030103ba 101 1# $apor$cfre 102 ## $aPT 105 ## $ay z 000ay 106 ## $ar 200 1# $aSubitamente, sós$fIsabelle Autissier$gtrad. Luísa Benvinda Álvares 205 ## $a1ª ed 210 #9 $aAlfragide$cCasa das Letras,$d2023 215 ## $a158 p.$d24 cm 304 ## $aTít. orig.: Soudain, seuls 675 ## $a821.133.1-31"19/20"$vBN$zpor$31043750 700 #1 $aAutissier,$bIsabelle,$f1956-$31879958 702 #1 $aÁlvares,$bLuísa Benvinda$4730$31310186 801 #0 $aPT$bBN$gRPC 856 41 $uhttp://rnod.bnportugal.gov.pt/ImagesBN/winlibimg.aspx?skey=&doc=2129803&img=178526&save=true 900 ## $aBIBNAC$d20230523 966 ## $lBN$mFGMON$sL. 165289 V.$x1 966 ## $lBN$mFGMON$sL. 165289 V.-D$x1 971 ## $carosa$d20230426 972 ## $d20230523$e0$vlrevez$z0 973 ## $cmcarvalho$d20230511 975 ## $e0$d20230927$visabelm
Etiqueta de registo: 00254nam 2200025 450 001 2277334 003 http://id.bnportugal.gov.pt/bib/catbnp/2277334 010 ## $a978-989-735-584-4 021 ## $aPT$b543275/25 100 ## $a20260306d2025 m y0pory01030103ba 101 1# $aeng$cpor 102 ## $aPT 105 ## $aa z 000yy 106 ## $ar 200 1# $a The Azores, a garden on the Atlantic$fMicheline Pelletier$gforew. Isabelle Autissier$gtransl. Ângela Prestes 210 #9 $aPonta Delgada$cLetras Lavadas,$dD.L. 2025 215 ## $a143, [1] p.$cil.$d26 cm 675 ## $a908(469.9)(042)$vBN$zpor$31152515 675 ## $a77.03$vBN$zpor$3290160 700 #1 $aPelletier,$bMicheline$3974931 702 #1 $aAutissier,$bIsabelle,$f1956-$4080$31879958 702 #1 $aPrestes,$bÂngela$4730$31327394 801 #0 $aPT$bBN$gRPC 856 41 $uhttp://rnod.bnportugal.gov.pt/ImagesBN/winlibimg.aspx?skey=&doc=2277334&img=220593&save=true 900 ## $aBIBNAC$d20260406 966 ## $lBN$mFGMON$sH.G. 89053 V.$x1 966 ## $lBN$mFGMON$sH.G. 89053 V.-D$x1 971 ## $cssilva$d20260306 973 ## $ctrodrigues$d20260320 975 ## $e0$d20260406$viquintas
Etiqueta de registo: 00254nam 2200025 450 001 2277307 003 http://id.bnportugal.gov.pt/bib/catbnp/2277307 010 ## $a978-989-735-585-1 021 ## $aPT$b543273/25 100 ## $a20260306d2025 m y0pory01030103ba 101 0# $apor 102 ## $aPT 105 ## $aa z 000yy 106 ## $ar 200 1# $a Os Açores, um jardim no Atlântico$fMicheline Pelletier$gpref. Isabelle Autissier$gtrad. Ângela Prestes 210 #9 $aPonta Delgada$cLetras Lavadas,$dD.L. 2025 215 ## $a143, [1] p.$cil.$d26 cm 675 ## $a908(469.9)(042)$vBN$zpor$31152515 675 ## $a77.03$vBN$zpor$3290160 700 #1 $aPelletier,$bMicheline$3974931 702 #1 $aAutissier,$bIsabelle,$f1956-$4080$31879958 702 #1 $aPrestes,$bÂngela$4730$31327394 801 #0 $aPT$bBN$gRPC 856 41 $uhttp://rnod.bnportugal.gov.pt/ImagesBN/winlibimg.aspx?skey=&doc=2277307&img=220592&save=true 900 ## $aBIBNAC$d20260406 966 ## $lBN$mFGMON$sH.G. 89052 V.$x1 966 ## $lBN$mFGMON$sH.G. 89052 V.-D$x1 971 ## $cssilva$d20260306 973 ## $ctrodrigues$d20260320 975 ## $e0$d20260406$viquintas
|
|
|